000 00673nam a22002057a 4500
003 OSt
005 20250701062942.0
008 250618b |||||||| |||| 00| 0 eng d
020 _a978-1-4488-5618-3
040 _aDWCL - Main lib
_cOC
082 _aCirc. 006.752 K175b 2012
100 _aKaplan, Arie
245 _aBlogs:
_bfinding your voice, finding your audience/
_cArie Kaplan
250 _aFirst edition
260 _aNew York;
_bThe Rosen Publishing Group, Inc.,
_c c2012.
300 _a48 pages
_billustrations;
_c24cm.
504 _aIncludes bibliography and index.
650 _a1. Blogs-Juvenile literature.
942 _2ddc
_cBK-CIRC
_eFirst edition
_kCirc.
_n0
999 _c3122
_d3122